000 00548nam a22001337a 4500
020 _a0-87170-098-0
082 _a671.0724 PRO'A
100 _aAMERICAN SOCIETY
_942369
245 _aPROCESSES MODELING FUNDAMENTALS AND APPLICATIONS TO METALS
260 _aOHIO
_bAMERICAN SOCIETY
_c1980
300 _a448P
650 _aMETAL WORK MATHEMATICAL MODELS CONGRSSES METALLURGY MATHEMATICAL CONGRESSE NEEDS AND POSSIBILITIES FOR PROCESSES MOLDELING RESEARCH MASSIVE FORMING SHEET METAL FORMING MATERIALS DATA AND METHODS OF ANALYSIS
_974418
942 _cBK
999 _c579950
_d579950